000 00640nam a22001935i 4500
001 159074
003 ES-MaACL
005 20230906211435.0
008 040908s1892 sp |||| | spa d
040 _aCAM
_bspa
_cCAM
100 1 _aMary, Julio.
_9129668
245 1 4 _aLos amores en Paris
_b: versión española /
_cJulio Mary.
260 _aMadrid :
_b[s.n.],
_c1892 (
_fImprenta y estereotipia de "El liberal")
300 _a290 p. ;
_c26 cm.
490 1 _aBiblioteca de El Liberal
830 0 _aBiblioteca de El Liberal
_9182077
852 _aES-MaACL
_jF-8495(1)
_z-- Enc. hol.
_z-- Enc. en un vol. facticio
999 _c159074
_d159074